000 00499nam a22001937a 4500
003 MPLRDC
005 20220104113553.0
008 210129b ||||| |||| 00| 0 eng d
020 _a957-645-144-2
082 _a857.62 JDN v.4
100 _a贾德诺
245 _a拉斯维加, 钱来了
_c周辛南译
250 _a初版一刷
260 _a
_b风云时代出版股份有限
_c1993
300 _b
490 _a贾氏妙探奇案. 4
650 _a推理小说
942 _cBK
_o857.62 JDN v.4
999 _c675
_d665